| 000 | 00343nam a22001337a 4500 | ||
|---|---|---|---|
| 008 | 181023b xxu||||| |||| 00| 0 eng d | ||
| 020 | _a0070293317 | ||
| 041 | _aeng | ||
| 080 |
_23 ed _a510 |
||
| 100 | _a38 | ||
| 101 | _aMAT | ||
| 245 |
_aCalculus For Business Economics And Social And Life Sciences _cHoffman.L.D |
||
| 942 |
_2udc _cBK |
||
| 999 |
_c50767 _d50767 |
||